Among Us Rooms The Skeld - Statistics

General Stats
  • This quiz has been taken 403 times
  • The average score is 13 of 14
Answer Stats
Rooms % Correct
Cafeteria
96%
Admin
95%
Electrical
93%
Lower Engine
92%
Reactor
92%
Upper Engine
92%
MedBay
91%
Oxygen
91%
Security
91%
Storage
91%
Weapons
91%
Communications
90%
Shields
88%
Navigation
81%
No matching quizzes found
Score Distribution
Percent of People with Each Score
Percentile by Number Answered
Your Score History
You have not taken this quiz